000 01391cam a2200397 i 4500
999 _c1299
_d1299
001 19143462
003 GZU
005 20210521132317.0
008 160620t20152015sa b 001 0 eng c
010 _a 2015409740
020 _a9781485106296 (pbk)
020 _a9781485106296
035 _a(OCoLC)ocn903569106
040 _aGXR
_beng
_cGXR
_erda
_dOCLCO
_dOCLCF
_dCUD
_dRCJ
_dNX@
_dNDL
_dDLC
042 _apcc
043 _af-sa---
050 0 0 _aKTL920
_b.G46 2015
245 0 0 _aGeneral principles of commercial law /
_cHeinrich Schulze [and 7 others].
250 _aEighth edition.
264 1 _aClaremont [South Africa] :
_bJuta,
_c2015.
264 4 _c©2015
300 _axiii, 554 pages ;
_c25 cm.
336 _atext
_btxt
_2rdacontent
337 _aunmediated
_bn
_2rdamedia
338 _avolume
_bnc
_2rdacarrier
500 _aIncludes index.
504 _aIncludes bibliographical references and index.
505 0 0 _tIntroduction --
_tGeneral principles of the law of contract --
_tSpecific contracts --
_tSpecific aspects of commercial law.
650 0 _aCommercial law
_zSouth Africa.
650 0 _aContracts
_zSouth Africa.
700 1 _aSchulze, Heinrich,
_eauthor.
906 _a7
_bcbc
_cpccadap
_d2
_encip
_f20
_gy-gencatlg
942 _2lcc
_cBK
_e8th ed.
_h920
_iGEN
_kKTL